The life and opinions of Tristram Shandy: gentleman

Сохранить в:
Библиографические подробности
Главный автор: Sterne, Laurence (Автор)
Формат:
Язык:английский
Опубликовано: Nueva York The Modern Library 1950
Серии:Modern Library College
Предметы:
Метки: Добавить метку
Нет меток, Требуется 1-ая метка записи!

MARC

LEADER 00000nam a2200000 a 4500
001 UCT2515
003 CL-VaPUC
008 961011e19500000US |||||||||||||||||eng|d
082 0 4 |a 823  |b STE  |2 21 
100 0 |a Sterne, Laurence  |e author  |9 348884 
245 1 4 |a The life and opinions of Tristram Shandy: gentleman 
300 |a 674 p 
942 |c BK 
945 |d 19961011 00:00:00  |a rleighto 
260 |a Nueva York  |b The Modern Library  |c 1950 
650 0 |a Novelas inglesas  |9 265220 
583 |a last modification  |c 19961011 00:00:00  |k Rodrigo Vera 
490 0 |a Modern Library College 
999 |c 252578  |d 252576 
952 |0 0  |1 0  |4 0  |6 823_000000000000000_STE_1950  |7 0  |8 A  |9 272504  |a BIBEDU  |b BIBEDU  |d 2019-11-19  |i 3239853  |o 823 STE 1950  |p 3239853  |r 2019-11-19  |w 2019-11-19  |y BK  |k LIT